[Event "?"]
[Site "?"]
[Date "2019.05.17"]
[Round "3.1"]
[White "Böttcher, Patrick"]
[Black "Lagunow, Raphael"]
[Result "0-1"]
[WhiteElo "2107"]
[BlackElo "2420"]
[PlyCount "34"]
[EventDate "2019.??.??"]
[WhiteTeam "SC Zitadelle Spandau 1977 e.V."]
[BlackTeam "SK Zehlendorf e.V."]

1. d4 Nf6 2. c4 g6 3. Nc3 Bg7 4. e4 O-O 5. Be2 d6 6. Bg5 Na6 7. Qd2 e5 8. d5
Qe8 9. h4 Nc5 10. f3 Nh5 11. g4 Ng3 12. Rh3 Nxe2 13. Ngxe2 f5 14. gxf5 gxf5 15.
Rh2 Qh5 16. Ng3 Qxf3 17. Nxf5 Nd3+ 0-1

[Event "?"]
[Site "?"]
[Date "2019.05.17"]
[Round "3.2"]
[White "Olivares, Eduardo"]
[Black "Figura, Atila Gajo"]
[Result "0-1"]
[WhiteElo "2049"]
[BlackElo "2380"]
[Annotator "1,Afra"]
[PlyCount "82"]
[EventDate "2019.??.??"]
[WhiteTeam "SC Zitadelle Spandau 1977 e.V."]
[BlackTeam "SK Zehlendorf e.V."]

1. e4 c5 2. Nc3 Nc6 3. f4 e6 4. Nf3 d5 5. Bb5 Nge7 6. exd5 exd5 7. Qe2 Qd6 8.
Ne5 f6 9. Bxc6+ bxc6 10. Nf3 Kf7 11. O-O Nf5 12. d3 h5 13. Re1 Bd7 14. Qf2 h4
15. b3 h3 16. g3 c4 17. d4 Qc7 18. Na4 cxb3 19. cxb3 c5 20. Nxc5 Bxc5 21. dxc5
d4 22. Nxd4 Qxc5 23. Nxf5 Qxf5 24. Ba3 Rhe8 25. Qc5 Qg4 26. Qd5+ Kg6 27. Kf2
Rac8 28. Rxe8 Rxe8 29. Re1 Rxe1 30. Kxe1 Kh6 31. Bc1 Bf5 32. Qd1 Qg6 33. Be3
Qe8 34. Qd4 a6 35. a3 Qc6 36. Kd2 Qc2+ 37. Ke1 Bd3 38. f5+ Kh7 39. Bd2 Qb1+ 40.
Kf2 Qf1+ 41. Ke3 Qe2+ 0-1

[Event "?"]
[Site "?"]
[Date "2019.05.17"]
[Round "3.3"]
[White "Weber, Erwin"]
[Black "Paulsen, Dirk"]
[Result "1/2-1/2"]
[WhiteElo "2033"]
[BlackElo "2325"]
[Annotator "1,Afra"]
[PlyCount "38"]
[EventDate "2019.??.??"]
[WhiteTeam "SC Weisse Dame e.V."]
[BlackTeam "SC Kreuzberg e.V."]

1. d4 Nf6 2. Nf3 d6 3. Bg5 Nbd7 4. Nc3 e5 5. e4 Be7 6. Bc4 c6 7. a4 O-O 8. dxe5
dxe5 9. O-O Qc7 10. Qe2 Nc5 11. Bh4 Bg4 12. h3 Bh5 13. Qe3 Bg6 14. Bxf6 gxf6
15. Nh4 Ne6 16. Qh6 Qc8 17. Ne2 Rd8 18. Ng3 Bf8 19. Qe3 Qc7 1/2-1/2

[Event "?"]
[Site "?"]
[Date "2019.05.17"]
[Round "3.4"]
[White "Moser, Axel"]
[Black "Fleischer, Matthias"]
[Result "1/2-1/2"]
[WhiteElo "2168"]
[BlackElo "1793"]
[PlyCount "42"]
[EventDate "2019.??.??"]
[WhiteTeam "SC Kreuzberg e.V."]
[BlackTeam "SK Zehlendorf e.V."]

1. d4 d5 2. c4 c6 3. Nf3 Nf6 4. Nc3 dxc4 5. a4 Bf5 6. Ne5 Nbd7 7. Nxc4 Nb6 8.
Ne5 a5 9. f3 Nfd7 10. e4 Nxe5 11. dxe5 Qxd1+ 12. Kxd1 Be6 13. Kc2 g6 14. b3 Nd7
15. f4 f6 16. exf6 exf6 17. Be2 O-O-O 18. Rb1 Bb4 19. Na2 Nc5 20. Be3 Nxe4 21.
Nxb4 axb4 1/2-1/2

[Event "?"]
[Site "?"]
[Date "2019.05.17"]
[Round "3.6"]
[White "Albrecht, Rainer"]
[Black "Dimitrijeski, Kristian"]
[Result "1-0"]
[WhiteElo "2059"]
[BlackElo "2167"]
[Annotator "SKZ,Zehlendorf"]
[PlyCount "89"]
[EventDate "2019.??.??"]
[WhiteTeam "SC Kreuzberg e.V."]
[BlackTeam "SK König Tegel 1949 e.V."]

1. d4 d5 2. Bf4 Nf6 3. e3 c5 4. dxc5 e6 5. b4 a5 6. c3 Nc6 7. Bb5 Bd7 8. Qb3
Nh5 9. Ne2 Nxf4 10. Nxf4 Qf6 11. O-O g5 12. Ne2 Bg7 13. Nd2 O-O 14. Bd3 {(=)}
axb4 15. cxb4 Qb2 16. Qxb2 Bxb2 17. Rab1 Rxa2 18. Nf3 g4 19. Nfd4 Rfa8 20. Nxc6
bxc6 21. Nc1 Bxc1 22. Rfxc1 Rd2 23. Bf1 e5 24. b5 Bf5 25. Rb4 cxb5 26. c6 Rc8
27. Rxb5 Kf8 28. c7 Ke7 29. Rbc5 Bd3 30. Rxd5 e4 31. g3 Ke6 32. Rd8 Rxc7 33.
Rxc7 Rd1 34. Rxd3 exd3 35. Rc3 d2 36. Rd3 Ke5 37. Rd4 h5 38. Kg2 h4 39. gxh4 f5
40. Be2 Re1 41. Rxd2 f4 42. exf4+ Kxf4 43. h5 Kg5 44. Rd5+ Kh4 45. Re5 1-0

[Event "?"]
[Site "?"]
[Date "2019.05.17"]
[Round "3.8"]
[White "Schmidt, Fabian"]
[Black "Kunze, Martin"]
[Result "1-0"]
[WhiteElo "1862"]
[BlackElo "2135"]
[PlyCount "131"]
[EventDate "2019.??.??"]
[WhiteTeam "SV Königsjäger Süd-West e.V."]
[BlackTeam "SC Weisse Dame e.V."]

1. e4 e6 2. d4 d5 3. Nd2 dxe4 4. Nxe4 Nd7 5. Nf3 Ngf6 6. Nxf6+ Nxf6 7. Be3 Bd6
8. Bd3 O-O 9. Qd2 b6 10. O-O-O Bb7 11. Kb1 Qe7 12. h4 c5 13. dxc5 Bxc5 14. Bg5
Rfd8 15. Qf4 Bd6 16. Ne5 Rac8 17. Qg3 Bxe5 18. Qxe5 Rd5 19. Qg3 Kh8 20. Rde1 h6
21. Qe3 Qf8 22. Bxf6 gxf6 23. Qf4 f5 24. Rh3 Qg7 25. Rg3 Qf6 26. c3 Rcd8 27.
Ree3 R8d7 28. Kc2 Rxd3 29. Rxd3 Be4 30. Kd2 Bxd3 31. Rxd3 Rxd3+ 32. Kxd3 e5 33.
Qb4 Kg7 34. g3 Qc6 35. Ke2 a5 36. Qe7 Qc4+ 37. Kd2 Qd5+ 38. Ke2 e4 39. Kf1 Qxa2
40. Qe5+ f6 41. Qc7+ Kg6 42. Qxb6 Qb1+ 43. Kg2 Qc2 44. Qb8 Kf7 {(=)} 45. Qc7+
Ke6 46. Qc6+ Ke7 47. Qc5+ Ke6 48. Qc8+ Ke5 49. Qc7+ Ke6 50. Qb6+ Ke7 51. Qa7+
Ke6 52. Qa6+ Ke7 53. Qxa5 Qxb2 54. Qb4+ Qxb4 55. cxb4 Kd6 56. Kf1 Kd5 57. Ke2
Kc4 58. Ke3 Kxb4 59. Kf4 Kc4 60. Kxf5 Kd3 61. g4 Ke2 62. Kxe4 Kxf2 63. Kf5 Kg3
64. h5 Kh4 65. Kxf6 Kxg4 66. Kg6 1-0

[Event "?"]
[Site "?"]
[Date "2019.05.17"]
[Round "3.9"]
[White "Schwedek, Tony"]
[Black "Burger, Heinrich"]
[Result "0-1"]
[WhiteElo "1963"]
[BlackElo "2081"]
[PlyCount "94"]
[EventDate "2019.??.??"]
[WhiteTeam "SC Zitadelle Spandau 1977 e.V."]
[BlackTeam "SK CAISSA Hermsdorf-Frohnau"]

1. c4 e5 2. g3 Nc6 3. Bg2 g6 4. Nc3 Bg7 5. e3 Nge7 6. Nge2 O-O 7. O-O Nf5 8. b3
d6 9. Bb2 Re8 10. a3 a5 11. Rc1 Rb8 12. d3 h5 13. Nd5 h4 14. Nec3 h3 15. Bh1
Nce7 16. b4 axb4 17. axb4 c6 18. Nxe7+ Qxe7 19. b5 Bd7 20. Ra1 Ra8 21. Ra4 Bh6
22. Rxa8 Rxa8 23. Qf3 Bg7 24. Qe2 Nh6 25. Ra1 Rxa1+ 26. Bxa1 f5 27. Qa2 Qf8 28.
Ne2 Ng4 29. Bc3 Bh6 30. Bd2 Qe8 31. bxc6 bxc6 32. Qb1 Qa8 33. Qc1 Qa2 34. Nc3
Qa7 35. Nd1 g5 36. f3 Nf6 37. Kf2 Kh7 38. Ke2 e4 39. Nf2 d5 40. fxe4 dxe4 41.
dxe4 fxe4 42. Nxe4 Bg4+ 43. Ke1 Nd7 44. Nf2 Bf5 45. Bxc6 Ne5 46. Be4 Bxe4 47.
Nxe4 Nd3+ 0-1

[Event "?"]
[Site "?"]
[Date "2019.05.17"]
[Round "3.10"]
[White "Heerde, Thomas"]
[Black "Korell, Klaus-Peter"]
[Result "1-0"]
[WhiteElo "2027"]
[BlackElo "1852"]
[PlyCount "77"]
[EventDate "2019.??.??"]
[WhiteTeam "SK Zehlendorf e.V."]
[BlackTeam "WiHeil"]

1. e4 e6 2. d3 d5 3. Nd2 c5 4. Ngf3 Nc6 5. g3 g6 6. Bg2 Bg7 7. O-O Nge7 8. c3
O-O 9. Re1 Qc7 10. Qe2 Rd8 11. e5 h6 12. h4 b5 13. Nf1 Bb7 14. N1h2 Kh7 15. Bf4
Ng8 16. Rac1 Qb6 17. g4 Rac8 18. h5 Nce7 19. hxg6+ Nxg6 20. Bg3 N8e7 21. Nh4
Re8 22. N2f3 Nxh4 23. Nxh4 Ng6 24. Nf3 Rh8 25. d4 cxd4 26. Nxd4 b4 27. Bf1 a6
28. f4 Rhe8 29. Qh2 Kg8 30. f5 exf5 31. gxf5 Nh8 32. Bf2 Qd8 33. f6 Bf8 34. Nf5
Kh7 35. Be3 Qd7 36. Nxh6 d4 37. Nxf7+ Kg8 38. Qxh8+ Kxf7 39. Qh7+ 1-0

[Event "?"]
[Site "?"]
[Date "2019.05.17"]
[Round "3.11"]
[White "Block, Werner"]
[Black "Prey, Thomas"]
[Result "0-1"]
[WhiteElo "1979"]
[BlackElo "1743"]
[PlyCount "35"]
[EventDate "2019.??.??"]
[WhiteTeam "SK CAISSA Hermsdorf-Frohnau"]
[BlackTeam "SK Zehlendorf e.V."]

1. d4 d5 2. c4 dxc4 3. Nf3 Nf6 4. Nc3 Bf5 5. e3 e6 6. Bxc4 Nbd7 7. O-O Nb6 8.
Bb3 Bg4 9. h3 Bh5 10. Qe2 c6 11. Rd1 Bb4 12. Bd2 Qc7 13. Rac1 Bxc3 14. Bxc3 O-O
15. e4 Qf4 16. Bc2 Bxf3 17. gxf3 Rad8 18. Rd3 0-1

[Event "?"]
[Site "?"]
[Date "2019.05.17"]
[Round "3.14"]
[White "Catalano, Enzo"]
[Black "Schilling, Florian"]
[Result "0-1"]
[WhiteElo "1596"]
[BlackElo "1871"]
[PlyCount "90"]
[EventDate "2019.??.??"]
[WhiteTeam "Queer-Springer SSV Berlin"]

1. e4 e5 2. Nf3 Nc6 3. d4 exd4 4. Bc4 d6 5. Nxd4 Ne5 6. Bb3 Nf6 7. Nc3 a6 8.
O-O c5 9. f4 cxd4 10. fxe5 dxe5 11. Nd5 Nxd5 12. Bxd5 f6 13. Qh5+ g6 14. Qf3
Bg7 15. Qb3 Qc7 16. Bd2 Rb8 17. Rac1 b5 18. c4 b4 19. c5 a5 20. Qa4+ Ke7 21. a3
Ba6 22. Bc4 Bxc4 23. Rxc4 bxa3 24. Bxa5 Qc8 25. Qxa3 Qc6 26. Rb4 Rxb4 27. Qxb4
Rc8 28. Rc1 Bh6 29. Rd1 Be3+ 30. Kh1 Qxc5 31. Qb7+ Ke6 32. Qb3+ Qc4 33. Qb6+
Kf7 34. Qb7+ Kg8 35. h4 Qc6 36. Qb3+ Kg7 37. Qa3 Qxe4 38. Qe7+ Kh6 39. Qxf6 Rc2
40. Bd2 Rxd2 41. Rxd2 Bxd2 42. Qf8+ Kh5 43. Qf7 Qxh4+ 44. Kg1 Qe1+ 45. Kh2 Bf4+
0-1

[Event "?"]
[Site "?"]
[Date "2019.05.17"]
[Round "3.15"]
[White "Döring, Martin"]
[Black "Olschewsky, Roman"]
[Result "1-0"]
[WhiteElo "1818"]
[BlackElo "1664"]
[PlyCount "155"]
[EventDate "2019.??.??"]
[WhiteTeam "SC Weisse Dame e.V."]
[BlackTeam "SVG Läufer Reinickendorf e.V."]

1. e4 d6 2. d4 Nf6 3. Nc3 b6 4. Bb5+ c6 5. Bd3 Bg4 6. f3 Bc8 7. Nge2 Ba6 8. Be3
Bxd3 9. Qxd3 g6 10. g4 Bg7 11. Ng3 b5 12. Nce2 Qd7 13. g5 Ng8 14. h4 Na6 15. c3
O-O-O 16. a4 Qb7 17. axb5 cxb5 18. Kf2 e5 19. Rhc1 Ne7 20. Ra5 Nc7 21. c4 Nc6
22. Rxb5 Qa6 23. d5 Nd4 24. Nxd4 exd4 25. Bxd4 Bxd4+ 26. Qxd4 Kd7 27. Rb3 Rb8
28. Ra3 Qb6 29. Qxb6 Rxb6 30. Rc2 Rhb8 31. Rxa7 Rxb2 32. Ra2 Rxc2+ 33. Rxc2 Na6
34. Nf1 Nc5 35. Rc3 Rb2+ 36. Kg3 Rb1 37. Ne3 Rg1+ 38. Kh2 Re1 39. Ng4 Ke7 40.
Ra3 Rc1 {(=)} 41. e5 Rxc4 42. exd6+ Kxd6 43. Ra8 Rc2+ 44. Kg3 Rc1 45. Rh8 Rg1+
46. Kh2 Rf1 47. Kg2 Rd1 48. Nf6 Nd7 49. Rxh7 Ne5 50. Ne4+ Kd7 51. f4 Nd3 52.
Rxf7+ Kd8 53. Rf6 Ne1+ 54. Kf2 Nc2 55. Rxg6 Rh1 56. Rh6 Nd4 57. Ng3 Rh2+ 58.
Ke3 Nc2+ 59. Ke4 Rh3 60. Nf5 Rh1 61. Ke5 Re1+ 62. Kf6 Nb4 63. Kf7 Kc7 64. d6+
Kd7 65. g6 Nc6 66. Kg7 Nd8 67. Rh5 Ne6+ 68. Kf6 Nxf4 69. Rh7+ Kc6 70. Rc7+ Kd5
71. d7 Ne6 72. Rc8 Ke4 73. Kxe6 Kf4+ 74. Kf6 Kg4 75. d8=Q Rf1 76. Rc4+ Kh3 77.
Qd3+ Kg2 78. Rc2+ 1-0

[Event "?"]
[Site "?"]
[Date "2019.05.17"]
[Round "3.16"]
[White "Helling, Bernd"]
[Black "Nuristani, Akbar"]
[Result "0-1"]
[WhiteElo "1565"]
[BlackElo "1802"]
[PlyCount "70"]
[EventDate "2019.??.??"]
[WhiteTeam "SK Zehlendorf e.V."]
[BlackTeam "SC Weisse Dame e.V."]

1. e4 g6 2. d4 Bg7 3. Bc4 e6 4. Nf3 Ne7 5. O-O O-O 6. Bg5 c5 7. c3 h6 8. Be3 d5
9. exd5 exd5 10. Bd3 c4 11. Bc2 Nf5 12. Qd2 Kh7 13. Ne5 a5 14. b3 b5 15. Na3
Qe8 16. Rae1 b4 17. Nb1 f6 18. Ng4 Qf7 19. Bxf5 Bxf5 20. Nxh6 Bxh6 21. Bxh6 Rg8
22. Bf4 Bd3 23. Bd6 Nc6 24. Re3 Qd7 25. Rh3+ Kg7 26. Qh6+ Kf7 27. Bg3 Bxf1 28.
Kxf1 Qf5 29. Qc1 Rae8 30. bxc4 Qd3+ 31. Kg1 Qxc4 32. f3 bxc3 33. Qxc3 Nxd4 34.
Qxa5 Qc1+ 35. Kf2 Re2# 0-1

[Event "?"]
[Site "?"]
[Date "2019.05.17"]
[Round "3.17"]
[White "Vachkov, Temi"]
[Black "Tedesco, Gennaro"]
[Result "1/2-1/2"]
[WhiteElo "1794"]
[BlackElo "1660"]
[PlyCount "45"]
[EventDate "2019.??.??"]
[WhiteTeam "SK Zehlendorf e.V."]
[BlackTeam "SC Kreuzberg e.V."]

1. Nf3 d5 2. g3 c5 3. Bg2 Nc6 4. O-O Nf6 5. c4 e6 6. cxd5 exd5 7. d3 Be7 8. Qa4
O-O 9. e4 a6 10. Nc3 d4 11. Ne2 b5 12. Qd1 Bb7 13. Nh4 g6 14. f4 Nh5 15. Nf3
Ng7 16. g4 Ne6 17. h4 c4 18. f5 cxd3 19. fxe6 dxe2 20. exf7+ Rxf7 21. Qxe2 Bxh4
22. Bh6 Bf6 23. e5 1/2-1/2

[Event "?"]
[Site "?"]
[Date "2019.05.17"]
[Round "3.18"]
[White "Krusemark, Gerhard"]
[Black "Krawatzki, Armin"]
[Result "1-0"]
[WhiteElo "1779"]
[BlackElo "1647"]
[PlyCount "46"]
[EventDate "2019.??.??"]
[WhiteTeam "TSG Rot-Weiß Fredersdorf/Vogelsd"]
[BlackTeam "SVG Läufer Reinickendorf e.V."]

1. e4 e6 2. d4 d5 3. Nc3 Be7 4. e5 b6 5. f4 Nh6 6. Nf3 Nf5 7. Bd3 Ba6 8. Ne2
Bxd3 9. Qxd3 h5 10. Bd2 c5 11. dxc5 bxc5 12. c4 d4 13. Ng3 Nh4 14. Nxh4 Bxh4
15. Qe4 Nd7 16. O-O g6 17. b4 Bxg3 18. hxg3 Rb8 19. bxc5 Nxc5 20. Qc6+ Nd7 21.
Rab1 Rc8 22. Qb5 O-O 23. Ba5 Nb6 1-0

[Event "?"]
[Site "?"]
[Date "2019.05.17"]
[Round "3.20"]
[White "Möwisch, Dave"]
[Black "Bédé, Maxime"]
[Result "0-1"]
[WhiteElo "1923"]
[BlackElo "1528"]
[PlyCount "90"]
[EventDate "2019.??.??"]
[WhiteTeam "SV Briesen e.V."]
[BlackTeam "SK Zehlendorf e.V."]

1. e4 c5 2. Nf3 Nc6 3. d4 cxd4 4. Nxd4 Nf6 5. Nc3 e5 6. Ndb5 d6 7. Bg5 a6 8.
Na3 b5 9. Nd5 Be7 10. Bxf6 Bxf6 11. c3 Bg5 12. h4 Bxh4 13. Qh5 Bg5 14. Nc2 Be6
15. Nc7+ Qxc7 16. Qxg5 f6 17. Qh4 Na5 18. Ne3 Nc4 19. Bxc4 Bxc4 20. Nf5 Be6 21.
g4 Bxf5 22. gxf5 Qf7 23. O-O-O O-O-O 24. Rd5 Kb7 25. Rhd1 Qc7 26. Kb1 Qb6 27.
Qg3 Rd7 28. Qd3 Kc7 29. c4 bxc4 30. Qxc4+ Qc6 31. Qd3 Qb6 32. Rc1+ Kb7 33. Rc3
Qxf2 34. Rxd6 Rxd6 35. Qxd6 Qe1+ 36. Rc1 Qa5 37. Qd7+ Kb8 38. Rc3 Ka8 39. Qc6+
Ka7 40. Rd3 Rd8 41. Rd7+ Rxd7 42. Qxd7+ Kb8 43. Qxg7 Qe1+ 44. Kc2 Qxe4+ 45. Kb3
Qb7+ 0-1

[Event "?"]
[Site "?"]
[Date "2019.05.17"]
[Round "3.21"]
[White "Nowak, Vladimir"]
[Black "Kumar, Amod"]
[Result "0-1"]
[WhiteElo "1662"]
[BlackElo "1769"]
[PlyCount "68"]
[EventDate "2019.??.??"]
[WhiteTeam "SK Zehlendorf e.V."]
[BlackTeam "SSV Rotation Berlin e.V."]

1. e4 d5 2. exd5 Nf6 3. Nf3 Nxd5 4. Bc4 c6 5. O-O Bg4 6. d4 e6 7. Nbd2 Be7 8.
Re1 Nd7 9. Ne4 O-O 10. h3 Bh5 11. Ng3 Bg6 12. Bxd5 cxd5 13. Bf4 Rc8 14. c3 Qb6
15. Qd2 a5 16. h4 h5 17. Bg5 Bd6 18. Ne2 Nf6 19. Bxf6 gxf6 20. Nf4 Bxf4 21.
Qxf4 Kg7 22. Re2 Qa6 23. Rd2 b5 24. Qe3 Qd6 25. Ne1 Rc4 26. Nd3 Rfc8 27. Nc5 b4
28. Nb7 Qc7 29. Nc5 e5 30. Re1 Qc6 31. g3 a4 32. Kg2 a3 33. Nd3 bxc3 34. bxc3
Rxc3 0-1

[Event "?"]
[Site "?"]
[Date "2019.05.17"]
[Round "3.22"]
[White "Morczynski, Joachim"]
[Black "Ellert, Oliver"]
[Result "1/2-1/2"]
[WhiteElo "1733"]
[BlackElo "1528"]
[PlyCount "101"]
[EventDate "2019.??.??"]
[WhiteTeam "SK Zehlendorf e.V."]
[BlackTeam "SV Empor Berlin e.V."]

1. e4 e5 2. Nf3 Nc6 3. Bc4 Bc5 4. c3 Nf6 5. d3 O-O 6. O-O d6 7. Bb3 Bg4 8. Nbd2
Qd7 9. h3 Be6 10. Bc2 Qc8 11. Ng5 Bd7 12. b4 Bb6 13. Nc4 Ne7 14. Nxb6 axb6 15.
f4 h6 16. fxe5 dxe5 17. Nf3 Ng6 18. Bb3 Kh7 19. Qe1 Be6 20. Bxe6 Qxe6 21. a4
Rfd8 22. Qe2 Qb3 23. Ra3 Qe6 24. Re1 Qd7 25. Qa2 Qxd3 26. Qxf7 Qd7 27. Qxg6+
Kxg6 28. Nxe5+ Kh7 29. Nxd7 Rxd7 30. Bf4 Re8 31. e5 Rde7 32. c4 g5 33. Bh2 g4
34. Rf1 Ne4 35. hxg4 Rg8 36. Rf4 Ng5 37. Re3 Ne6 38. Rf6 Rxg4 39. Rh3 Rg6 40.
Rhf3 Reg7 41. Rxg6 Rxg6 42. Rf7+ Rg7 43. Rf6 Rg6 44. Kf2 Kg7 45. Rxg6+ Kxg6 46.
Ke3 Kf5 47. a5 bxa5 48. bxa5 h5 49. Kd3 c6 50. Kc3 Ke4 51. Bg3 1/2-1/2

[Event "?"]
[Site "?"]
[Date "2019.05.17"]
[Round "3.23"]
[White "Reck, Jessica"]
[Black "Ellert, Stefan"]
[Result "0-1"]
[WhiteElo "1677"]
[BlackElo "1510"]
[PlyCount "86"]
[EventDate "2019.??.??"]
[WhiteTeam "SK König Tegel 1949 e.V."]
[BlackTeam "SV Empor Berlin e.V."]

1. e4 e5 2. Nf3 Nc6 3. Bc4 Bc5 4. O-O Nf6 5. d3 O-O 6. Nbd2 d6 7. c3 Be6 8. Bb5
a6 9. Ba4 b5 10. Bc2 d5 11. Nxe5 Nxe5 12. d4 Bd6 13. dxe5 Bxe5 14. f4 Bd6 15.
h3 Bc5+ 16. Kh1 Nxe4 17. Nxe4 dxe4 18. Qh5 f5 19. Rd1 Qe7 20. b4 Bd6 21. Be3
Qf7 22. Qh4 Qf6 23. Qe1 Bc4 24. Bb3 Bxb3 25. axb3 Qe6 26. Rab1 Rad8 27. Qe2 Be7
28. Bd4 Qh6 29. Qf2 Bf6 30. Bc5 Rfe8 31. Qe3 Qh5 32. Qe1 Qf7 33. Bd4 Bxd4 34.
cxd4 Rd5 35. Qc3 Qd7 36. Ra1 Qd6 37. Rac1 e3 38. g3 Re7 39. Qd3 e2 40. Re1 Rxd4
41. Qxf5 Rd1 42. Qc8+ Qd8 43. Qxa6 Rxc1 0-1

[Event "?"]
[Site "?"]
[Date "2019.05.17"]
[Round "3.25"]
[White "Körner, Reinhard"]
[Black "Leitz, Dennis"]
[Result "1-0"]
[WhiteElo "1524"]
[BlackElo "1290"]
[PlyCount "65"]
[EventDate "2019.??.??"]
[WhiteTeam "SC Kreuzberg e.V."]
[BlackTeam "SK Zehlendorf e.V."]

1. d4 Nf6 2. c4 d5 3. Nc3 Nc6 4. Nf3 e6 5. cxd5 exd5 6. Bg5 Be7 7. e3 O-O 8.
Bd3 h6 9. Bh4 Bg4 10. h3 Bc8 11. O-O Nb4 12. Bb1 c5 13. a3 Nc6 14. dxc5 Bxc5
15. Qd3 g6 16. Nxd5 Bf5 17. Nxf6+ Kh8 18. Qxd8 Raxd8 19. Bxf5 gxf5 20. Rfd1
Rxd1+ 21. Rxd1 Be7 22. Rd7 b5 23. Rc7 b4 24. axb4 Bxb4 25. Rxc6 a5 26. Nh5 Kh7
27. Bg3 Ra8 28. b3 a4 29. bxa4 Rxa4 30. Bf4 Ra1+ 31. Kh2 Be7 32. Rxh6+ Kg8 33.
Be5 1-0